The Lighthouse ; Selected Essays on Education, Literature and Economy (Record no. 327495)
[ view plain ]
| 000 -LEADER | |
|---|---|
| fixed length control field | 00385 a2200133 4500 |
| 001 - CONTROL NUMBER | |
| control field | 92422 |
| 003 - CONTROL NUMBER IDENTIFIER | |
| control field | NUST |
| 005 - DATE AND TIME OF LATEST TRANSACTION | |
| control field | 20180120150326.0 |
| 008 - FIXED-LENGTH DATA ELEMENTS--GENERAL INFORMATION | |
| fixed length control field | 180120b xxu||||| |||| 00| 0 eng d |
| 082 ## - DEWEY DECIMAL CLASSIFICATION NUMBER | |
| Classification number | 070.449 MUT |
| 100 ## - MAIN ENTRY--PERSONAL NAME | |
| Personal name | Muttahir Ahmed Khan |
| 9 (RLIN) | 9256 |
| 245 ## - TITLE STATEMENT | |
| Title | The Lighthouse ; Selected Essays on Education, Literature and Economy |
| 260 ## - PUBLICATION, DISTRIBUTION, ETC. | |
| Place of publication, distribution, etc. | Karachi |
| Name of publisher, distributor, etc. | Paramount Books (Pvt) Limited |
| Date of publication, distribution, etc. | 2014 |
| 300 ## - PHYSICAL DESCRIPTION | |
| Extent | xxi, 206p. |
| 500 ## - GENERAL NOTE | |
| General note | General Books |
| 942 ## - ADDED ENTRY ELEMENTS (KOHA) | |
| Institution code [OBSOLETE] | CAE NUST |
| Koha item type | Book |
| Call number prefix | 070.449 MUT |
| Source of classification or shelving scheme | |
| Withdrawn status | Lost status | Damaged status | Not for loan | Collection code | Permanent Location | Current Location | Date acquired | Total Checkouts | Full call number | Barcode | Date last seen | Price effective from | Koha item type |
|---|---|---|---|---|---|---|---|---|---|---|---|---|---|
| College of Aeronautical Engineering (CAE) | College of Aeronautical Engineering (CAE) | 04/03/2017 | 070.449 MUT | CAE88651 | 04/05/2017 | 04/05/2017 | Book |
